| 000 | 01011nam a2200253 i 4500 | ||
|---|---|---|---|
| 001 | 27902 | ||
| 003 | ES-MaACL | ||
| 005 | 20250717063022.0 | ||
| 007 | t| | ||
| 008 | 030115s1924 sp |||| | spa d | ||
| 100 | 1 |
_aAznar, Severino, _d1870-1959 _924307 |
|
| 245 | 1 | 3 |
_aEl seguro obligatorio de maternidad / _cSeverino Aznar Embid. |
| 260 |
_aMadrid : _b[s.n.], _c1924 ( _fSobrinos de la Suc. de M. Minuesa de los Ríos) |
||
| 300 |
_a29 p. ; _c22 cm. |
||
| 490 | 1 |
_aPublicaciones del Instituto Nacional de Previsión ; _v136 |
|
| 530 | _aDisponible en formato digital. | ||
| 650 |
_aSubsidio de maternidad- _zEspaña. _917240 |
||
| 710 | 2 |
_aInstituto Nacional de Previsión (España) _95180 |
|
| 830 | 0 |
_aPublicaciones del Instituto Nacional de Previsión ; _v136 _9181151 |
|
| 852 |
_aES-MaACL _j1677-F-7 _928963 _cDEPOF _zRevisado enlace: 02 de Abril de 2025 |
||
| 856 | _uhttps://catalogo.bne.es/permalink/34BNE_INST/f0qo1i/alma991003619809708606 | ||
| 942 | _2udc | ||
| 999 |
_c27902 _d27902 |
||